| 000 | 00965nas a2200301 4500 | ||
|---|---|---|---|
| 001 | BR9804311 | ||
| 003 | BR-BrBNA | ||
| 005 | 20231205101053.0 | ||
| 007 | ta | ||
| 008 | 230509b bl.|||p| |||| 00| 00por d | ||
| 040 |
_aBR-BrBNA _bpor _cBiblioteca Nacional de Agricultura |
||
| 041 | _a(Pt) | ||
| 072 | _aM40 | ||
| 100 | 1 | _aMoura, A. do N. | |
| 100 | 1 | _aPassavante, J.Z. de O. | |
| 100 | 1 | _aSilva-Cunha, M. da G.G. da | |
| 100 | 1 | _aEskinazi-Leca, E. | |
| 245 | 1 | _aDiatomaceas perifiticas fixadas em substratos natural e artificial nos estuarios dos rios Paripe e Igarassu - Ilha de Itamaraca - Pernambuco | |
| 650 | _aAlga | ||
| 650 | _aSubstrato de Cultura | ||
| 650 | _aEstuario | ||
| 650 | _aTaxonomia Animal | ||
| 650 | _aPerifiton | ||
| 650 | _aPernambuco | ||
| 773 | 0 |
_tBoletim Tecnico-Cientifico do CEPENE (Brazil) _xISSN 0104-6411 _g(1994), v. 2(1) p. 7-20 _wBR9804311 |
|
| 909 |
_a202311 _bLúcia _c55 _dLúcia Elande |
||
| 942 |
_2AGRIS _n0 _cANA |
||
| 999 |
_c159533 _d159533 |
||